| 000 | 01663nam a2200313 i 4500 | ||
|---|---|---|---|
| 001 | 69538 | ||
| 003 | Mx-PuUPA | ||
| 005 | 20220602164504.0 | ||
| 008 | 220530s2020 mx |||gr|||| 00| 0 spa d | ||
| 020 | _a9786075630083 | ||
| 040 |
_aMx-PuUPA _bspa _cMx-PuUPA _dMx-PuUPA _erda |
||
| 041 | 0 | _aspa | |
| 110 | 2 |
_96200 _aConsejo Mexicano para la Investigación y Desarrollo de Normas de Información Financiera, _d2004 |
|
| 245 |
_aNormas de información financiera (NIF) 2020 / _cConsejo Mexicano de Normas de Información Financiera |
||
| 250 | _a3a. edición | ||
| 264 |
_aCiudad de México : _bInstituto Mexicano de Contadores Públicos, _c©2020 |
||
| 300 |
_axii, 1769 páginas ; _c23 cm |
||
| 336 |
_2rdacontent _atexto _btxt |
||
| 337 |
_2rdamedia _asin medio _bn |
||
| 338 |
_2rdacarrier _avolumen _bnc |
||
| 500 | _aEl texto completo de Normas de Información Financiera considera la normativa que se encuentra en vigor al 1° de enero de 2020, así como el INIF 22, Reconocimiento del efecto esperado en las relaciones e cobertura por los cambios previstos en las tasas de interés de referencia, la que entra en vigor el 1° de enero de 2020, la NIF C-17, Propiedades de inversión y la C-22, Criptomonedas, que entran en vigor el 1°de enero de 2021.-- Portada. | ||
| 505 | _aIncluye boletines y circulares de la Comisión de Principios de Contabilidad de IMCP.-- Portada | ||
| 650 | 7 |
_2armarc _aAuditoría |
|
| 650 | 7 |
_2armarc _aAuditoria _xLegislación |
|
| 942 |
_2ddc _cLI _h657.3 _iN822 |
||
| 999 |
_c69538 _d69538 |
||